Paroles : Juste une photo de toi - M Pokora - Statistiques

Statistiques générales
  • Ce quiz a été pris 822 fois
  • Le résultat moyen est 354 sur 446
Statistiques - réponses
Paroles % Correct
un
99%
de
97%
photo
97%
toi
97%
toi,
97%
ce
96%
juste
96%
Juste
96%
me
95%
une
95%
la
94%
La
94%
là,
94%
que
94%
à
93%
a
93%
ces
93%
qui
93%
reste
93%
tout
93%
Tout
93%
tu
93%
c'est
91%
C'est
91%
je
89%
Je
89%
le
88%
Le
88%
Si
88%
si
88%
te
88%
Te
88%
en
87%
Et
86%
et
86%
qu'il
86%
ma
85%
es
81%
fais?
81%
j'ai
81%
J'ai
81%
on
81%
Pour
81%
pour
81%
Au
80%
pas
80%
moi
79%
t'es
79%
arrière
77%
ne
77%
Qu'on
77%
cœur
76%
laisses
76%
partie
76%
se
76%
avec
75%
des
75%
aussi
74%
disais
74%
flashback
74%
revenait
74%
arrivée
73%
bout
73%
Parce
73%
parce
73%
poussière
73%
vite
73%
faisait
72%
t'en
72%
allée
71%
jusqu'à
71%
vu
71%
ça
70%
ensemble
70%
redevenir
70%
vrac
70%
Maintenant,
69%
Maintenant
69%
rappeler
69%
paroles
68%
dérape
67%
l'air
67%
les
67%
Mais
66%
n'était
66%
resterait
66%
65%
étais
63%
jouais
63%
reine
63%
t'ai
63%
jeu
62%
plus
62%
61%
final
61%
jour
61%
veux
61%
dont
60%
rien
60%
baisse
59%
d'échec
59%
faire
59%
musique
59%
souvenirs
58%
il
57%
Quand
57%
s'arrête
57%
regarder
56%
fait
55%
mon
55%
qu'est
55%
rideaux
55%
J'aurais
54%
j'en
54%
lumières
54%
n'y
54%
Toute
54%
cette
53%
t'oublier
53%
histoire
52%
t'as
52%
ciel
51%
s'éteignent
51%
terre
51%
Na
50%
na
50%
maudis
49%
Même
49%
remuer
49%
disparaît
48%
j'étais
48%
prêt
48%
rencontrée
48%
perdu
46%
applaudissements
45%
bataille
44%
pourront
44%
mes
36%
soleil,
22%
Aucun quiz correspondant
Distribution des résultats
% des personnes avec chaque résultat
Percentile par nombre de réponses
Votre historique - résultats
Vous n’avez pas pris ce quiz